000 00337nam a2200133Ia 4500
008 240624s9999 xx 000 0 und d
041 _aeng
082 _a343.0999 MAL
100 _aMALI PRASHANT
245 _aCYBER LAW AND CYBER CRIMES SIMPLIFIED
250 _a(4th ed.)
260 _c2017
_aMumbai
_bCyber Infomedia
365 _cRS
_b30
999 _c30212
_d30212